| 000 | 00866nam a2200229Ia 4500 | ||
|---|---|---|---|
| 003 | Ost | ||
| 005 | 20260507075234.0 | ||
| 008 | 260507s9999||||xx |||||||||||||| ||und|| | ||
| 040 | _cfsecg | ||
| 041 | _aara | ||
| 082 | _a330 | ||
| 100 |
_aالعلاق، بشير _eمؤلف |
||
| 245 | 0 |
_aأساسيات إدارة الوقت / _c بشير العلاق |
|
| 260 |
_aعمان: _bدار اليازوري, _c2009 |
||
| 300 |
_a158 صفحة؛ _bإيضاحات ؛ _c24 سم |
||
| 504 | _aمراجع ص.157 | ||
| 520 | _aمفهوم الوقت وخصائصه وسماته وانواعه ومضيعاته وكذا مفهوم ادارةالوقت واليات هذه الادارة وممارستها ومداخلها واساليبها. | ||
| 653 | _aالادارة الناجحة | ||
| 653 | _aالوقت | ||
| 653 | _aالوقت- إدارة | ||
| 942 | _cكتاب | ||
| 999 |
_c43576 _d43576 |
||